000 01181nam0a22002651 4500
001 rc\3648589
005 20260407220205.0
021 _aRU
_bРг8441-74
021 _aRU
_b74-57708
035 _a(NLR Aleph) 007732895
090 _a7074661
_c7074661
100 _a20130115d1974 |||y0rusy50 ca
101 0 _arus
102 _aRU
105 _ay z |||||
200 1 _aДиалектика и сравнительно-исторический метод, их роль в исследовании цивилизаций
_fИн-т социол. исследований. Сов. социол. ассоциация. VIII Всемирный социол. конгресс. Канада, Торонто. 17-24 авг. 1974 г.
210 _aМосква
_cБ. и.
_d1974
215 _a16 с.
_d20
700 1 _7ca
_8rus
_aМомджян
_bХ. Н.
_f1909-1996
_gХачик Нишанович
_9268733
_3RU\NLR\AUTH\770268789
712 1 2 _aМеждународный социологический конгресс
_d8
_f1974
_eТоронто
_3RU\NLR\AUTH\8810146550
_9787510
801 0 _aRU
_bNLR
_gpsbo
801 1 _aRU
_bELAR
_2rusmarc
852 _aNLR
_j74-4/11112
942 _cBOOK
980 _aNB